000 00518nam a2200193 a 4500
001 4946
005 20180713184814.0
008 140415s1990 000 0 spa d
020 _a9589042686
041 _aspa
082 _a658.809
_bKAT
100 1 _aKATZ, BERNARD
245 1 0 _aCOMO GERENCIAR EL SERVICIO AL CLIENTE
260 _a[s.l.] :
_bLEGIS EDITORES,
_c1990
300 _a196
490 _aEMPRESARIAL
650 1 4 _aMERCADEO
_xSERVICIO AL CLIENTE
700 1 _aNIÑO TORRES, TERESA
_etr.
999 _c4946
_d4946